Sony PlayStation Consoles - Statistics

General Stats
  • This quiz has been taken 486 times
    412 since last reset
  • The average score is 7 of 7
Answer Stats
Answer % Correct
Home PlayStation
99%
Home PlayStation 2
99%
Home PlayStation 3
99%
Home PlayStation 4
99%
Home PlayStation 5
99%
Portable PlayStation Portable
92%
Portable PlayStation Vita
83%
No matching quizzes found
Score Distribution
Percent of People with Each Score
Percentile by Number Answered
Your Score History
You have not taken this quiz since the last reset